Bois de mine : ethnographie d'un chantier d'abattage dans les mines de charbon en Lorraine /
Saved in:
| Main Author: | |
|---|---|
| Format: | Book |
| Language: | French |
| Published: |
Sarreguemines : [Paris?] :
Pierron ; Direction régionale des affaires culturelles de Lorraine,
c1997.
|
| Series: | Une ethnologie en Lorraine.
|
| Subjects: | |
| Tags: |
Add Tag
No Tags, Be the first to tag this record!
|
| LEADER | 00954nam a2200277 a 4500 | ||
|---|---|---|---|
| 001 | 008024010-0 | ||
| 005 | 20020606104010.5 | ||
| 008 | 980309s1997 fr a b 000 0 fre | ||
| 010 | |a 98123749 | ||
| 020 | |z 2708501684 | ||
| 035 | 0 | |a ocm39013899 | |
| 040 | |a DLC |c DLC | ||
| 043 | |a e-fr--- | ||
| 050 | 0 | 0 | |a TN808.F9 |b L737 1997 |
| 100 | 1 | |a Roth, Catherine. | |
| 245 | 1 | 0 | |a Bois de mine : |b ethnographie d'un chantier d'abattage dans les mines de charbon en Lorraine / |c Catherine Roth. |
| 260 | |a Sarreguemines : |b Pierron ; |a [Paris?] : |b Direction régionale des affaires culturelles de Lorraine, |c c1997. | ||
| 300 | |a 151 p. : |b ill. ; |c 23 cm. | ||
| 490 | 1 | |a Une ethnologie en Lorraine | |
| 504 | |a Includes bibliographical references (p. 149-150). | ||
| 650 | 0 | |a Coal mines and mining |z France |z Lorraine. | |
| 650 | 0 | |a Mine timbering |z France |z Lorraine. | |
| 653 | |a Mining. | ||
| 830 | 4 | |a Une ethnologie en Lorraine. | |
| 988 | |a 20020608 | ||
| 906 | |0 DLC | ||


